000 00291nam a2200109 4500
999 _c9778
_d9778
008 180717b ||||| |||| 00| 0 eng d
245 _aMore science, math teachers needed.
260 _aDavao City
_bSun Star Davao
_cc2016
300 _apage 12.
650 0 _928982
_aTeachers.
942 _2ddc
_cPER